Technology edge a guide to CD-ROM
| Main Authors: | , |
|---|---|
| Format: | Book |
| Published: |
Carmel, Ind.
New Riders Pub.
c1992
|
| Subjects: |
MARC
| LEADER | 00000cam a2200000 7i4500 | ||
|---|---|---|---|
| 001 | 0000000236 | ||
| 008 | 021118n | ||
| 020 | |a 1562050907 | ||
| 090 | 0 | 0 | |a TA1635 |b .P37 1992 |
| 100 | 0 | |a Parker, Dana |d 1953- |e author | |
| 245 | 0 | 0 | |a Technology edge |b a guide to CD-ROM |c Dana Parker, Bob Starrett |
| 260 | 2 | |a Carmel, Ind. |b New Riders Pub. |c c1992 | |
| 300 | |a xxviii, 426 p. ; |c 24 cm. | ||
| 650 | 0 | |a CD-ROMs | |
| 700 | 0 | |a Starrett, Bob |d 1954- |e author | |
| 740 | 0 | 0 | |a Guide to CD-ROM |
| 999 | |a 1000035486 |b Book |c OPEN SHELF (30 DAYS) |e Gong Badak Campus | ||